散文一集
| 資料類型: | 圖書 | 書目號: | 47177 |
Leader xxxxxxxxxx 005 __ 20130429100520.0 010 0_ |a978-957-674-322-1|b平裝|dNT$260 042 __ |anbic 100 __ |a20140616d1986 m y0chiy50 e 101 0_ |achi 102 __ |atw 105 __ |af z 000cy 200 1_ |a散文一集|f木心著 205 __ |a初版 210 __ |a臺北市|c洪範書店|d1986[民75] 215 0_ |a[10],238面|c圖版|d19公分 225 2_ |a洪範文學叢書|v153 410 _0 |12001 |a洪範文學叢書|v153 681 __ |a855|b4033 700 _0 |a木心|4著 681 __ |a855|b872 801 _0 |atw|b內湖高中|c20140616|gCCR |